=LDR 00000nam 2200000 4500 =001 INLIS000000000021143 =005 20201118091543 =035 ##$$a 0010-061300000021143 =008 201118################g##########0#ind## =041 ##$$a Ind =082 ##$$a 307.326 =090 ##$$a 307.326, Sun p =100 ##$$a Sunarto HS =245 1#$$a Penduduk Indonesia dalam dinamika migrasi 1971-1980 /$c Drs Sunarto HS =260 ##$$a Yogyakarta :$b Dua dimensi,$c 1985 =300 ##$$a ix, 120 hlm : $b Ilus ; $c 13 x 19,5 cm =650 #4$$a Penduduk Indonesia =850 ##$$a NBPNMAT =084 ##$$a 307.326 SUN p =250 ##$$a Cet. 1 =504 ##$$a Indeks : hlm. 112 - 120 =990 ##$$a 4150/ Pro- 85 =990 ##$$a 4147/pro-1985 =990 ##$$a 0001/BPAP-NTB/2016